[Event "RUS-Cup01 Chigorin Memorial"]
[Site "St Petersburg"]
[Date "1997.11.08"]
[Round "8"]
[White "Gubanov, Anton"]
[Black "Cherniaev, Alexander"]
[Result "1/2-1/2"]
[WhiteElo "2380"]
[BlackElo "2480"]
[PlyCount "88"]
[EventDate "1997.11.01"]
[EventType "swiss"]
[EventRounds "9"]
[EventCountry "RUS"]
[SourceTitle "CBM 061 Extra"]
[Source "ChessBase"]
[SourceDate "1998.03.09"]
[SourceVersion "1"]
[SourceVersionDate "1998.03.09"]
[SourceQuality "1"]

1. e4 c5 2. Nf3 Nc6 3. Bb5 e6 4. Bxc6 bxc6 5. 0-0 Ne7 6. b3 Ng6 7. Bb2 f6 8. e5 Be7 9. d3 0-0 10. Nbd2 fxe5 11. Nxe5 Nxe5 12. Bxe5 d6 13. Bg3 g5 14. f4 gxf4 15. Bxf4 e5 16. Bh6 Rxf1+ 17. Qxf1 Be6 18. Qf3 Qe8 19. Rf1 Kh8 20. Qg3 Qg8 21. Qe3 Qg6 22. Rf3 Bg4 23. Rf2 Rg8 24. Ne4 Qh5 25. Ng3 Qg6 26. Ne4 Qh5 27. Ng3 Qh4 28. Ne4 Bh3 29. Ng3 Be6 30. Ne4 Qg4 31. Qf3 Qh4 32. Bd2 Rf8 33. Bg5 Rxf3 34. Bxh4 Rxf2 35. Bxf2 Bg4 36. Kf1 Kg7 37. Be3 Kg6 38. Ke1 Bf5 39. Ke2 Kf7 40. Bf2 Bg4+ 41. Kd2 Bf5 42. Ke2 Bg4+ 43. Kd2 Bf8 44. h3 Bf5 1/2-1/2

[Event "RUS-Cup01 Chigorin Memorial"]
[Site "St Petersburg"]
[Date "1997.11.06"]
[Round "6"]
[White "Gubanov, Anton"]
[Black "Shliahtin, IE."]
[Result "1-0"]
[WhiteElo "2380"]
[BlackElo "2290"]
[PlyCount "146"]
[EventDate "1997.11.01"]
[EventType "swiss"]
[EventRounds "9"]
[EventCountry "RUS"]
[SourceTitle "CBM 061 Extra"]
[Source "ChessBase"]
[SourceDate "1998.03.09"]
[SourceVersion "1"]
[SourceVersionDate "1998.03.09"]
[SourceQuality "1"]

1. e4 e6 2. d4 d5 3. exd5 exd5 4. Nf3 Bd6 5. c4 c6 6. Nc3 Nf6 7. c5 Be7 8. h3 b6 9. cxb6 axb6 10. Bd3 0-0 11. 0-0 Ba6 12. Ne5 Ne8 13. Bxa6 Rxa6 14. Qe2 Nc7 15. Re1 Bd6 16. Qg4 Qc8 17. Qh5 f6 18. Nd3 Qd7 19. Bf4 Ne6 20. Ne2 Ra4 21. b3 Ra7 22. a4 Na6 23. Qf3 Nb4 24. Bxd6 Qxd6 25. Rac1 Nxd3 26. Qxd3 c5 27. dxc5 bxc5 28. Nc3 Rd7 29. Qxd5 Qxd5 30. Nxd5 Nd4 31. Rxc5 Nxb3 32. Rc3 Nd4 33. Nb6 Ra7 34. Rd3 Rb8 35. Rxd4 Rxb6 36. Ra1 Rba6 37. Kf1 Re7 38. Rd5 Kf7 39. a5 g5 40. Rb5 Rea7 41. Ke2 Rd6 42. Ra3 Re7+ 43. Re3 Rc7 44. g4 Rc2+ 45. Kf1 Rc7 46. Kg2 Ra6 47. Rf3 Kg6 48. h4 gxh4 49. Kh3 Rc1 50. Kxh4 Ra1 51. Rff5 h6 52. Rfd5 Ra7 53. Kg3 Ra3+ 54. f3 Kg7 55. Rf5 Kg6 56. Rb6 Rf7 57. a6 Ra4 58. Rd5 Ra1 59. Rd8 Kg7 60. Ra8 Kg6 61. Rg8+ Kh7 62. Re8 Kg7 63. Reb8 Kg6 64. Rc8 Kg7 65. Rc2 Kg6 66. Rcc6 Ra2 67. Re6 Ra1 68. Rb8 Ra2 69. f4 Ra3+ 70. Kh4 Ra1 71. f5+ Kg7 72. Ree8 Rd7 73. Rb7 Rf7 1-0

[Event "St Petersburg-ch"]
[Site "St Petersburg"]
[Date "1997.03.04"]
[Round "1"]
[White "Ionov, Sergey"]
[Black "Gubanov, Anton"]
[Result "1/2-1/2"]
[WhiteElo "2530"]
[BlackElo "2370"]
[PlyCount "88"]
[EventDate "1997.03.04"]
[EventType "swiss"]
[EventRounds "9"]
[EventCountry "RUS"]
[SourceTitle "CBM 058"]
[Source "ChessBase"]
[SourceDate "1997.06.01"]
[SourceVersion "1"]
[SourceVersionDate "1997.06.01"]
[SourceQuality "1"]

1. Nf3 Nf6 2. c4 g6 3. Nc3 d5 4. cxd5 Nxd5 5. Qa4+ Nc6 6. Ne5 Ndb4 7. a3 Bg7 8. axb4 Bxe5 9. b5 Nb8 10. e3 0-0 11. d4 Bg7 12. Be2 c6 13. 0-0 a6 14. bxc6 Nxc6 15. Bd2 Be6 16. Bf3 Bd7 17. Qa3 Rb8 18. Rfd1 Re8 19. Rac1 Bf8 20. Qb3 Na7 21. Ne4 Be6 22. Qd3 Bd5 23. Be1 Nc6 24. Qe2 Qb6 25. Bc3 Red8 26. h4 Nb4 27. Nc5 Na2 28. Rb1 Nxc3 29. bxc3 Qc7 30. Bxd5 Rxd5 31. Qf3 e6 32. c4 Rf5 33. Qe4 Bxc5 34. dxc5 Rxc5 35. Rd4 b5 36. cxb5 Rbxb5 37. Rbd1 Rb8 38. Rd7 Qe5 39. Qf3 Qf5 40. Qxf5 Rxf5 41. Ra7 Rb6 42. Rd2 Rb1+ 43. Kh2 Ra1 44. f3 Ra3 1/2-1/2

[Event "St Petersburg-ch"]
[Site "St Petersburg"]
[Date "1997.??.??"]
[Round "3"]
[White "Andreev, Konstantin"]
[Black "Gubanov, Anton"]
[Result "1/2-1/2"]
[WhiteElo "2290"]
[BlackElo "2370"]
[PlyCount "84"]
[EventDate "1997.03.04"]
[EventType "swiss"]
[EventRounds "9"]
[EventCountry "RUS"]
[SourceTitle "CBM 058"]
[Source "ChessBase"]
[SourceDate "1997.06.01"]
[SourceVersion "1"]
[SourceVersionDate "1997.06.01"]
[SourceQuality "1"]

1. d4 Nf6 2. c4 g6 3. Nc3 d5 4. cxd5 Nxd5 5. e4 Nxc3 6. bxc3 Bg7 7. Be3 c5 8. Qd2 Qa5 9. Rc1 cxd4 10. cxd4 Qxd2+ 11. Kxd2 0-0 12. Bb5 Nc6 13. Ne2 Rd8 14. Bxc6 bxc6 15. Rhd1 Rb8 16. Rxc6 Bb7 17. Rc7 Bxe4 18. f3 Bd5 19. Rxa7 Bc4 20. Ke1 e5 21. dxe5 Rxd1+ 22. Kxd1 Bxe5 23. f4 Bf6 24. Nc1 Re8 25. Bd2 Bd5 26. g3 Bf3+ 27. Kc2 Rc8+ 28. Kd3 Rd8+ 29. Kc2 Rc8+ 30. Kd3 Bd1 31. Be3 Bg4 32. Nb3 Rc3+ 33. Kd2 Bf5 34. Ra6 Kg7 35. g4 Bxg4 36. Rxf6 Rxb3 37. Rxf7+ Kxf7 38. axb3 Ke6 39. b4 Kd5 40. b5 Bd7 41. b6 Kc6 42. h4 h5 1/2-1/2

[Event "RUS-Cup01 Chigorin Memorial"]
[Site "St Petersburg"]
[Date "1996.??.??"]
[Round "5"]
[White "Gubanov, Anton"]
[Black "Kruppa, Yuri"]
[Result "0-1"]
[WhiteElo "2380"]
[BlackElo "2560"]
[PlyCount "106"]
[EventDate "1996.11.??"]
[EventType "swiss"]
[EventRounds "9"]
[EventCountry "RUS"]
[SourceTitle "CBM 056 Extra"]
[Source "ChessBase"]
[SourceDate "1997.03.01"]
[SourceVersion "1"]
[SourceVersionDate "1997.03.01"]
[SourceQuality "1"]

1. e4 c5 2. Nf3 Nc6 3. Bb5 g6 4. 0-0 Bg7 5. c3 Nf6 6. Re1 0-0 7. h3 e5 8. d4 exd4 9. cxd4 cxd4 10. e5 Nd5 11. Qb3 a6 12. Qxd5 axb5 13. Bf4 Qa5 14. Nbd2 Nb4 15. Qb3 Qa4 16. Nxd4 Nc6 17. Nxc6 dxc6 18. Qe3 Qa7 19. Qxa7 Rxa7 20. Ne4 Be6 21. a3 Ra4 22. Bg3 Rd4 23. Rad1 Rfd8 24. Nd6 Rxd1 25. Rxd1 Rd7 26. Re1 Kf8 27. Bf4 h6 28. Bd2 Kg8 29. Bc3 Bf8 30. Kh2 g5 31. g3 Kh7 32. f4 Bxd6 33. exd6 Rxd6 34. fxg5 hxg5 35. Kg2 Kg6 36. Re2 Rd3 37. Rd2 Bd5+ 38. Kh2 Rf3 39. Re2 f5 40. Bd4 Rd3 41. Bc3 Rf3 42. h4 g4 43. Re7 Rf1 44. Re1 Rf2+ 45. Kg1 Rg2+ 46. Kf1 Rxg3 47. Re7 f4 48. Re5 Rf3+ 49. Ke1 g3 50. Rg5+ Kh6 51. Bg7+ Kh7 52. Bd4 Rd3 53. Be5 Bf3 0-1

[Event "Petrov Memorial op"]
[Site "St Petersburg"]
[Date "1996.??.??"]
[Round "3"]
[White "Gubanov, Anton"]
[Black "Vasiukov, Evgeni"]
[Result "1/2-1/2"]
[WhiteElo "2375"]
[BlackElo "2505"]
[PlyCount "167"]
[EventDate "1996.02.??"]
[EventType "swiss"]
[EventRounds "9"]
[EventCountry "RUS"]
[SourceTitle "CBM 052"]
[Source "ChessBase"]
[SourceDate "1996.06.01"]
[SourceVersion "1"]
[SourceVersionDate "1996.06.01"]
[SourceQuality "1"]

1. e4 c5 2. Nf3 Nc6 3. Bb5 Na5 4. c3 a6 5. Be2 Nf6 6. e5 Nd5 7. d4 cxd4 8. 0-0 e6 9. Qxd4 b5 10. Nbd2 Bb7 11. a4 b4 12. c4 Nc6 13. Qg4 Nde7 14. Ne4 Ng6 15. Nd6+ Bxd6 16. exd6 f5 17. Qh5 Qf6 18. Qg5 e5 19. Rd1 Na5 20. Qe3 e4 21. Nd2 0-0 22. Qb6 f4 23. Qxa5 f3 24. Nxf3 exf3 25. Bxf3 Bxf3 26. gxf3 Nh4 27. Qd5+ Kh8 28. f4 Rae8 29. Kh1 Re2 30. Be3 Nf5 31. Qd3 Rxb2 32. Bd4 Nxd4 33. Qxd4 g5 34. c5 Rc2 35. Qxf6+ Rxf6 36. Rac1 b3 37. Rxc2 bxc2 38. Rc1 Rxf4 39. Rxc2 Rd4 40. c6 dxc6 41. Rxc6 a5 42. Rc5 h6 43. Rxa5 Rxd6 44. Ra7 Rd4 45. Kg2 Kg8 46. Kf3 Rh4 47. a5 Ra4 48. Ke3 g4 49. Kd3 h5 50. Kc3 h4 51. Kb3 Ra1 52. a6 Kf8 53. Kc4 Ra2 54. Kd4 Ke8 55. Ke4 Kd8 56. Ra8+ Kc7 57. a7 Kb7 58. Rf8 Kxa7 59. Rf4 h3 60. Ke3 Ra3+ 61. Ke4 Ra2 62. Kf5 g3 63. fxg3 Kb6 64. Rh4 Rxh2 65. Kg4 Kc7 66. Rxh3 Ra2 67. Kg5 Ra5+ 68. Kg6 Ra6+ 69. Kg5 Ra5+ 70. Kh4 Ra8 71. g4 Rh8+ 72. Kg3 Rg8 73. Rh1 Kd6 74. Re1 Kd5 75. Re2 Kd6 76. Re4 Kd5 77. Kf3 Rh8 78. Re7 Kd6 79. Re2 Rf8+ 80. Kg3 Rg8 81. Rf2 Ke6 82. Rf5 Rg6 83. Kh4 Rg8 84. Kh5 1/2-1/2

[Event "Petrov Memorial op"]
[Site "St Petersburg"]
[Date "1996.??.??"]
[Round "9"]
[White "Gubanov, Anton"]
[Black "Volkov, Sergey"]
[Result "1/2-1/2"]
[WhiteElo "2375"]
[BlackElo "2460"]
[PlyCount "40"]
[EventDate "1996.02.??"]
[EventType "swiss"]
[EventRounds "9"]
[EventCountry "RUS"]
[SourceTitle "CBM 052"]
[Source "ChessBase"]
[SourceDate "1996.06.01"]
[SourceVersion "1"]
[SourceVersionDate "1996.06.01"]
[SourceQuality "1"]

1. e4 e6 2. d4 d5 3. exd5 exd5 4. Nf3 Nc6 5. Bb5 Bd6 6. c4 dxc4 7. d5 a6 8. Ba4 b5 9. dxc6 bxa4 10. 0-0 Ne7 11. Qxa4 0-0 12. Nbd2 Rb8 13. a3 Rb5 14. Nxc4 Nxc6 15. Nxd6 cxd6 16. Bg5 Qd7 17. Rad1 Rxb2 18. Qf4 d5 19. Bf6 Rb5 20. Bxg7 Kxg7 1/2-1/2

[Event "St Petersburg op"]
[Site "St Petersburg"]
[Date "1995.??.??"]
[Round "1"]
[White "Burmakin, Vladimir"]
[Black "Gubanov, Anton"]
[Result "1-0"]
[WhiteElo "2555"]
[BlackElo "2420"]
[PlyCount "61"]
[EventDate "1995.05.??"]
[EventType "swiss"]
[EventRounds "9"]
[EventCountry "RUS"]
[SourceTitle "CBM 046 Extra"]
[Source "ChessBase"]
[SourceDate "1995.07.01"]
[SourceVersion "1"]
[SourceVersionDate "1995.07.01"]
[SourceQuality "1"]

1. d4 Nf6 2. c4 g6 3. Nc3 d5 4. Nf3 Bg7 5. cxd5 Nxd5 6. e3 c5 7. Qb3 Nb4 8. dxc5 N8c6 9. Bc4 0-0 10. 0-0 Qa5 11. Bd2 Qxc5 12. Ne4 Qb6 13. Nfg5 e6 14. Bc3 Nd5 15. Bxd5 exd5 16. Qxd5 h6 17. Nf3 Bxc3 18. bxc3 Rd8 19. Qb3 Be6 20. Qa3 Na5 21. Nd4 Nc4 22. Qe7 Bd5 23. Rfb1 Qa6 24. Nf6+ Kg7 25. Nxd5 Rxd5 26. Rxb7 Nd6 27. Ne6+ Kh7 28. Qf6 Rg8 29. Rxf7+ Nxf7 30. Qxf7+ Kh8 31. Nf8 1-0

[Event "St Petersburg op"]
[Site "St Petersburg"]
[Date "1995.??.??"]
[Round "8"]
[White "Gubanov, Anton"]
[Black "Frolov, Denis"]
[Result "1/2-1/2"]
[WhiteElo "2420"]
[BlackElo "2355"]
[PlyCount "58"]
[EventDate "1995.05.??"]
[EventType "swiss"]
[EventRounds "9"]
[EventCountry "RUS"]
[SourceTitle "CBM 046 Extra"]
[Source "ChessBase"]
[SourceDate "1995.07.01"]
[SourceVersion "1"]
[SourceVersionDate "1995.07.01"]
[SourceQuality "1"]

1. e4 e5 2. Nc3 Nf6 3. Nf3 Nc6 4. Bb5 Bb4 5. 0-0 Bxc3 6. bxc3 d6 7. Re1 Bd7 8. d4 0-0 9. Bg5 h6 10. Bh4 Qe7 11. Rb1 Bg4 12. h3 Bxf3 13. Qxf3 Rab8 14. Rbd1 Rfd8 15. Re3 a6 16. Bf1 g5 17. Bg3 Kg7 18. Bc4 Na5 19. Bb3 Nxb3 20. cxb3 Nh7 21. dxe5 dxe5 22. Red3 f6 23. R1d2 Rxd3 24. Qxd3 Nf8 25. f3 Ne6 26. Qd7 Kf7 27. Bf2 Rd8 28. Qxe7+ Kxe7 29. Rxd8 Kxd8 1/2-1/2

[Event "Chigorin Memorial"]
[Site "St Petersburg"]
[Date "1995.??.??"]
[Round "9"]
[White "Gubanov, Anton"]
[Black "Lugovoi, Aleksei"]
[Result "1-0"]
[WhiteElo "2390"]
[BlackElo "2490"]
[PlyCount "73"]
[EventDate "1995.09.??"]
[EventType "swiss"]
[EventRounds "9"]
[EventCountry "RUS"]
[SourceTitle "EXT 1997"]
[Source "ChessBase"]
[SourceDate "1996.11.15"]
[SourceVersion "1"]
[SourceVersionDate "1996.11.15"]
[SourceQuality "1"]

1. e4 c5 2. Nf3 e6 3. c4 Nc6 4. Nc3 Nf6 5. Be2 a6 6. 0-0 Qc7 7. d4 cxd4 8. Nxd4 Bd6 9. g3 Be7 10. Be3 d6 11. Rc1 Ne5 12. f4 Ned7 13. Bf3 g6 14. Bg2 0-0 15. g4 e5 16. g5 Ne8 17. Nd5 Qd8 18. Ne2 exf4 19. Nxe7+ Qxe7 20. Bxf4 Ne5 21. Nc3 Be6 22. Nd5 Bxd5 23. exd5 Ng7 24. c5 Nh5 25. cxd6 Qxd6 26. Be3 Nd7 27. Qd4 f5 28. Bd2 Rfd8 29. Bc3 Qb6 30. Qxb6 Nxb6 31. Ba5 Rd6 32. Bb4 Rd7 33. d6 Ng7 34. Rc7 Ne8 35. Rxb7 Rxb7 36. Bxb7 Rd8 37. Rd1 1-0

[Event "St Petersburg-ch"]
[Site "St Petersburg"]
[Date "1995.??.??"]
[Round "8"]
[White "Gubanov, Anton"]
[Black "Orlov, Vassily"]
[Result "1-0"]
[WhiteElo "2420"]
[BlackElo "2435"]
[PlyCount "69"]
[EventDate "1995.04.??"]
[EventType "tourn"]
[EventRounds "12"]
[EventCountry "RUS"]
[EventCategory "9"]
[SourceTitle "CBM 047"]
[Source "ChessBase"]
[SourceDate "1995.08.01"]
[SourceVersion "1"]
[SourceVersionDate "1995.08.01"]
[SourceQuality "1"]

1. e4 c6 2. d4 d5 3. e5 Bf5 4. h4 h6 5. g4 Be4 6. f3 Bh7 7. e6 Qd6 8. exf7+ Kxf7 9. Ne2 Nd7 10. Nbc3 e5 11. Bh3 Re8 12. Be3 Ngf6 13. g5 exd4 14. Qxd4 Ne5 15. 0-0-0 Nc4 16. Bd2 Qb4 17. Nxd5 Qa4 18. Nb4 Nxd2 19. Rxd2 Bxb4 20. Nc3 Qa5 21. gxf6 gxf6 22. Qc4+ Kf8 23. Qf4 Bxc3 24. Qxh6+ Kf7 25. Rd7+ Re7 26. Rxe7+ Kxe7 27. Qg7+ Kd6 28. Rd1+ Kc5 29. Qxh8 Bxb2+ 30. Kxb2 Qb4+ 31. Kc1 Qxh4 32. Qf8+ Kb5 33. Bf1+ Ka4 34. Qc5 Qf4+ 35. Kb1 1-0

[Event "Chigorin Memorial"]
[Site "St Petersburg"]
[Date "1995.??.??"]
[Round "7"]
[White "Gubanov, Anton"]
[Black "Romanovich, Leonid"]
[Result "1-0"]
[WhiteElo "2390"]
[BlackElo "2215"]
[PlyCount "35"]
[EventDate "1995.09.??"]
[EventType "swiss"]
[EventRounds "9"]
[EventCountry "RUS"]
[SourceTitle "EXT 1997"]
[Source "ChessBase"]
[SourceDate "1996.11.15"]
[SourceVersion "1"]
[SourceVersionDate "1996.11.15"]
[SourceQuality "1"]

1. e4 Nf6 2. e5 Nd5 3. d4 d6 4. Nf3 g6 5. Bc4 Nb6 6. Bb3 Bg7 7. a4 dxe5 8. a5 N6d7 9. Bxf7+ Kxf7 10. Ng5+ Kg8 11. Ne6 Qe8 12. Nxc7 Qd8 13. Nxa8 exd4 14. c3 Nc5 15. 0-0 Nc6 16. b4 Ne6 17. Qb3 dxc3 18. Nxc3 1-0

[Event "St Petersburg-ch"]
[Site "St Petersburg"]
[Date "1995.??.??"]
[Round "13"]
[White "Gubanov, Anton"]
[Black "Sakaev, Konstantin"]
[Result "0-1"]
[WhiteElo "2420"]
[BlackElo "2535"]
[PlyCount "70"]
[EventDate "1995.04.??"]
[EventType "tourn"]
[EventRounds "12"]
[EventCountry "RUS"]
[EventCategory "9"]
[SourceTitle "CBM 047"]
[Source "ChessBase"]
[SourceDate "1995.08.01"]
[SourceVersion "1"]
[SourceVersionDate "1995.08.01"]
[SourceQuality "1"]

1. e4 c5 2. Nf3 e6 3. Nc3 a6 4. g3 b5 5. d4 cxd4 6. Nxd4 Bb7 7. Bg2 b4 8. Nce2 Nf6 9. Bg5 Be7 10. Qd3 d6 11. 0-0 Nbd7 12. Bxf6 Bxf6 13. Qd2 Qb6 14. a3 bxa3 15. Rxa3 Nc5 16. b4 Nxe4 17. Qe3 d5 18. c4 Bg5 19. f4 Be7 20. c5 Qc7 21. c6 Bc8 22. Bxe4 dxe4 23. Qxe4 0-0 24. Rb3 Rb8 25. Rfb1 Bf6 26. b5 Rb6 27. Kg2 axb5 28. Rxb5 Ra6 29. Rc5 Ra2 30. Nb5 Qa5 31. Rc2 Rxc2 32. Qxc2 e5 33. Qc3 Qa2 34. Rb2 Qd5+ 35. Qf3 Qxf3+ 0-1

[Event "St Petersburg op"]
[Site "St Petersburg"]
[Date "1995.??.??"]
[Round "9"]
[White "Klimov, Sergey"]
[Black "Gubanov, Anton"]
[Result "1-0"]
[WhiteElo "2235"]
[BlackElo "2420"]
[PlyCount "63"]
[EventDate "1995.05.??"]
[EventType "swiss"]
[EventRounds "9"]
[EventCountry "RUS"]
[SourceTitle "CBM 046 Extra"]
[Source "ChessBase"]
[SourceDate "1995.07.01"]
[SourceVersion "1"]
[SourceVersionDate "1995.07.01"]
[SourceQuality "1"]

1. e4 d6 2. d4 Nf6 3. Nc3 g6 4. g3 Bg7 5. Bg2 0-0 6. Nge2 e5 7. 0-0 c6 8. h3 Na6 9. Bg5 Nc7 10. d5 cxd5 11. exd5 h6 12. Be3 b5 13. Qd2 Kh7 14. b4 Bb7 15. a4 bxa4 16. Rxa4 a6 17. Ra5 Qd7 18. Kh2 Rae8 19. Rd1 e4 20. Bd4 Qf5 21. g4 Qd7 22. Ng3 Re7 23. Ngxe4 Nxe4 24. Nxe4 f5 25. gxf5 gxf5 26. Ng3 f4 27. Nh5 Bxd4 28. Qxd4 Qf5 29. Re1 Rfe8 30. Rxe7+ Rxe7 31. Be4 Rxe4 32. Qg7# 1-0

[Event "St Petersburg-ch"]
[Site "St Petersburg"]
[Date "1995.??.??"]
[Round "9"]
[White "Taimanov, Mark E"]
[Black "Gubanov, Anton"]
[Result "1-0"]
[WhiteElo "2505"]
[BlackElo "2420"]
[PlyCount "73"]
[EventDate "1995.04.??"]
[EventType "tourn"]
[EventRounds "12"]
[EventCountry "RUS"]
[EventCategory "9"]
[SourceTitle "CBM 047"]
[Source "ChessBase"]
[SourceDate "1995.08.01"]
[SourceVersion "1"]
[SourceVersionDate "1995.08.01"]
[SourceQuality "1"]

1. Nf3 g6 2. e4 d6 3. d4 Nf6 4. Nbd2 Bg7 5. Be2 0-0 6. 0-0 Nc6 7. d5 Ne5 8. Nxe5 dxe5 9. c4 e6 10. Qc2 Bd7 11. Rd1 c6 12. dxc6 Bxc6 13. b4 Qc7 14. a4 b6 15. f3 Rfd8 16. Nb3 Rxd1+ 17. Qxd1 Rd8 18. Qe1 Nh5 19. Be3 f5 20. b5 Ba8 21. c5 bxc5 22. Nxc5 Nf4 23. Rc1 Qe7 24. Bxf4 exf4 25. Nxe6 Re8 26. exf5 gxf5 27. Nxg7 Kxg7 28. Qc3+ Kg6 29. Rc2 Qd6 30. Kf1 Re3 31. Rd2 Qe6 32. Qc7 Bd5 33. Kf2 Qe5 34. Qxe5 Rxe5 35. a5 Kf6 36. Rd4 Kg5 37. g3 1-0

[Event "St Petersburg op"]
[Site "St Petersburg"]
[Date "1994.??.??"]
[Round "6"]
[White "Gubanov, Anton"]
[Black "Aleksandrov, Aleksej"]
[Result "1/2-1/2"]
[WhiteElo "2405"]
[BlackElo "2535"]
[PlyCount "115"]
[EventDate "1994.02.??"]
[EventType "swiss"]
[EventRounds "9"]
[EventCountry "RUS"]
[SourceTitle "CBM 041"]
[Source "ChessBase"]
[SourceDate "1994.08.01"]
[SourceVersion "1"]
[SourceVersionDate "1994.08.01"]
[SourceQuality "1"]

1. e4 e5 2. Nc3 Nc6 3. Nf3 Nf6 4. Bb5 d6 5. d4 exd4 6. Qxd4 Bd7 7. Bxc6 Bxc6 8. Nd5 Be7 9. 0-0 Bxd5 10. exd5 0-0 11. Bg5 h6 12. Bd2 Qd7 13. Rfe1 Rfe8 14. c4 a6 15. h3 Qf5 16. Qf4 Qxf4 17. Bxf4 Nd7 18. Re2 Bf6 19. Rae1 Rxe2 20. Rxe2 b5 21. b3 bxc4 22. bxc4 Rb8 23. Be3 Rb1+ 24. Kh2 Rb4 25. Rc2 Nb6 26. Nd2 g5 27. g4 Kg7 28. Kg2 Kg6 29. Kf3 Be5 30. Ke4 Na4 31. Bd4 Bxd4 32. Kxd4 f5 33. Nb3 Nb6 34. Kd3 Ra4 35. f3 Nd7 36. c5 Ne5+ 37. Ke2 Kf6 38. Nd2 Ng6 39. cxd6 Nf4+ 40. Kf2 cxd6 41. Nc4 Nxd5 42. Nxd6 Nb4 43. Rc4 Ke6 44. a3 Nd3+ 45. Kf1 Rxc4 46. Nxc4 fxg4 47. hxg4 Ne5 48. Nxe5 Kxe5 49. Ke2 Kd4 50. Kf2 Kd5 51. Ke3 Ke5 52. Kd3 Kf4 53. Ke2 a5 54. a4 Kg3 55. Ke3 Kg2 56. Ke2 Kg3 57. Ke3 Kg2 58. Ke2 1/2-1/2

[Event "St Petersburg op"]
[Site "St Petersburg"]
[Date "1994.??.??"]
[Round "5"]
[White "Gubanov, Anton"]
[Black "Frolov, Yury"]
[Result "1-0"]
[WhiteElo "2405"]
[BlackElo "2320"]
[PlyCount "81"]
[EventDate "1994.02.??"]
[EventType "swiss"]
[EventRounds "9"]
[EventCountry "RUS"]
[SourceTitle "CBM 041"]
[Source "ChessBase"]
[SourceDate "1994.08.01"]
[SourceVersion "1"]
[SourceVersionDate "1994.08.01"]
[SourceQuality "1"]

1. e4 e6 2. d4 d5 3. exd5 exd5 4. Nf3 Nf6 5. Bg5 Be7 6. Bd3 0-0 7. 0-0 Bg4 8. Nbd2 Nbd7 9. c3 Re8 10. Qc2 h6 11. Bh4 Nh5 12. Bh7+ Kh8 13. Bf5 Bxf3 14. Bxe7 Qxe7 15. Nxf3 Nhf6 16. Rae1 Qd6 17. Bxd7 Nxd7 18. Qf5 Kg8 19. Ne5 Nxe5 20. dxe5 Qe6 21. Qh5 Qg6 22. Qxg6 fxg6 23. f4 Rad8 24. Rf3 d4 25. Kf2 Re6 26. Rd3 c5 27. Kf3 Ra6 28. a3 Ra4 29. Red1 g5 30. f5 Rf8 31. g4 dxc3 32. Rxc3 h5 33. h3 b6 34. Re3 g6 35. f6 hxg4+ 36. hxg4 Kf7 37. Rd7+ Ke6 38. Rd6+ Kf7 39. e6+ Ke8 40. f7+ Ke7 41. Rd7+ 1-0

[Event "St Petersburg op2"]
[Site "St Petersburg"]
[Date "1994.??.??"]
[Round "5"]
[White "Gubanov, Anton"]
[Black "Gavrilov, Alexei"]
[Result "1-0"]
[WhiteElo "2380"]
[BlackElo "2425"]
[PlyCount "159"]
[EventDate "1994.10.??"]
[EventType "swiss"]
[EventRounds "9"]
[EventCountry "RUS"]
[SourceTitle "CBM 043 Extra"]
[Source "ChessBase"]
[SourceDate "1995.01.01"]
[SourceVersion "1"]
[SourceVersionDate "1995.01.01"]
[SourceQuality "1"]

1. e4 d6 2. d4 Nf6 3. Nc3 g6 4. Be3 Bg7 5. h3 0-0 6. Nf3 Nbd7 7. Bc4 e5 8. 0-0 Qe7 9. Re1 c6 10. dxe5 dxe5 11. a4 Nc5 12. Nd2 Rd8 13. Qe2 Ne6 14. Bxe6 Bxe6 15. a5 Nd7 16. Nc4 f5 17. exf5 gxf5 18. f3 Bd5 19. Bf2 Qe6 20. Ne3 Qf7 21. Ncxd5 cxd5 22. Qd3 e4 23. Qxd5 Bxb2 24. Rab1 Bc3 25. Red1 f4 26. Qxf7+ Kxf7 27. Nd5 Bxa5 28. Rxb7 e3 29. Bh4 e2 30. Ra1 Bd2 31. Bxd8 Rxd8 32. Kf2 e1Q+ 33. Rxe1 Bxe1+ 34. Kxe1 a5 35. Ra7 Rb8 36. Rxd7+ Ke6 37. Rxh7 Kxd5 38. Rh5+ Kd4 39. Rxa5 Rb1+ 40. Ke2 Rg1 41. Ra4+ Ke5 42. Re4+ Kf5 43. Kf2 Rc1 44. Rc4 Kg5 45. Rc5+ Kh4 46. Rc4 Kg5 47. h4+ Kf5 48. Rc5+ Kf6 49. h5 Rh1 50. h6 Kg6 51. Rc6+ Kh7 52. Rf6 Rc1 53. Rxf4 Rxc2+ 54. Kg3 Kxh6 55. Rf5 Kg6 56. Ra5 Rb2 57. Kh3 Rf2 58. Kg3 Rb2 59. f4 Rc2 60. Kf3 Rb2 61. g3 Rb6 62. Kg4 Rc6 63. Re5 Kf6 64. Rh5 Kg6 65. f5+ Kg7 66. Kg5 Ra6 67. g4 Ra7 68. Rh6 Rb7 69. Rg6+ Kf7 70. Kh6 Rb4 71. Rg7+ Kf6 72. g5+ Kxf5 73. Rf7+ Ke6 74. g6 Rg4 75. Rf1 Ke7 76. g7 Rg2 77. Kh7 Rh2+ 78. Kg8 Ra2 79. Rh1 Kf6 80. Kh8 1-0

[Event "St Petersburg op"]
[Site "St Petersburg"]
[Date "1994.??.??"]
[Round "1"]
[White "Gubanov, Anton"]
[Black "Kharitonov, Andrei Y"]
[Result "1/2-1/2"]
[WhiteElo "2405"]
[BlackElo "2535"]
[PlyCount "68"]
[EventDate "1994.02.??"]
[EventType "swiss"]
[EventRounds "9"]
[EventCountry "RUS"]
[SourceTitle "CBM 041"]
[Source "ChessBase"]
[SourceDate "1994.08.01"]
[SourceVersion "1"]
[SourceVersionDate "1994.08.01"]
[SourceQuality "1"]

1. e4 c5 2. Nf3 e6 3. Nc3 a6 4. d4 cxd4 5. Nxd4 Qc7 6. g3 Nf6 7. Bg2 Be7 8. 0-0 0-0 9. Be3 Nc6 10. Nxc6 bxc6 11. Na4 d5 12. exd5 cxd5 13. c4 Bb7 14. Rc1 dxc4 15. Bf4 e5 16. Bxe5 Qxe5 17. Bxb7 Rad8 18. Qc2 Qh5 19. h4 Rd4 20. Rfe1 Bb4 21. Red1 Rfd8 22. Rxd4 Rxd4 23. Nc3 a5 24. Kg2 Qe5 25. Rd1 g6 26. Bf3 Nd7 27. Rxd4 Qxd4 28. Qe4 Bc5 29. Qxd4 Bxd4 30. Bc6 Ne5 31. Bd5 Kg7 32. Nd1 Nd3 33. Bxc4 Nxb2 34. Nxb2 Bxb2 1/2-1/2

[Event "St Petersburg op2"]
[Site "St Petersburg"]
[Date "1994.??.??"]
[Round "7"]
[White "Gubanov, Anton"]
[Black "Vaulin, Alexander"]
[Result "0-1"]
[WhiteElo "2380"]
[BlackElo "2550"]
[PlyCount "100"]
[EventDate "1994.10.??"]
[EventType "swiss"]
[EventRounds "9"]
[EventCountry "RUS"]
[SourceTitle "CBM 043 Extra"]
[Source "ChessBase"]
[SourceDate "1995.01.01"]
[SourceVersion "1"]
[SourceVersionDate "1995.01.01"]
[SourceQuality "1"]

1. e4 c5 2. Nc3 Nc6 3. g3 g6 4. Bg2 Bg7 5. d3 d6 6. Bg5 Rb8 7. Nge2 b5 8. Qd2 b4 9. Nd1 h6 10. Be3 e5 11. c3 Nge7 12. 0-0 bxc3 13. bxc3 Be6 14. d4 exd4 15. cxd4 Bc4 16. Rc1 Bxe2 17. Qxe2 Nxd4 18. Qd2 0-0 19. Nc3 Kh7 20. Bf4 Nec6 21. Kh1 Re8 22. Ne2 Rb6 23. Nxd4 Nxd4 24. Be3 Qb8 25. Qd3 Re7 26. h4 Rb4 27. Rfd1 Qb5 28. Bxd4 Qxd3 29. Rxd3 Rxd4 30. Rxd4 Bxd4 31. Rc2 g5 32. hxg5 hxg5 33. Bh3 Kg7 34. Bf5 Kf6 35. Kg2 Rb7 36. Kf3 a5 37. Bc8 Rb4 38. Ba6 Ke5 39. g4 a4 40. Bc4 a3 41. Bxf7 Rb2 42. Re2 Rxe2 43. Kxe2 Kxe4 44. f3+ Ke5 45. Kd3 d5 46. f4+ gxf4 47. g5 f3 48. g6 c4+ 49. Kd2 c3+ 50. Kc2 f2 0-1